000 00417nam a2200169Ia 4500
001 10309
003 IN-NITTTR
005 20251114233056.0
008 251113s9999||||xx |||||||||||||| ||eng||
040 _beng
040 _cIN-NITTTR
041 _aeng
082 _a697.78 A23 S
100 _aAnderson, Bruce.
245 0 _aSolar energy :
_b fundamentals in building design. /
_cAnderson, Bruce.
942 _2ddc
_cBK
999 _c12946
_d12946